Comentarios al decreto Optatam totius sobre la formación sacerdotal / (Record no. 171349)

MARC details
000 -LEADER
campo de control de longitud fija 01042nam a2200253 i 4500
001 - NÚMERO DE CONTROL
campo de control 171349
003 - IDENTIFICADOR DE NÚMERO DE CONTROL
campo de control ES-MaACL
005 - FECHA Y HORA DE LA ÚLTIMA TRANSACCIÓN
campo de control 20250808062804.0
008 - DATOS DE LONGITUD FIJA--INFORMACIÓN GENERAL
campo de control de longitud fija 090512s1970 sp |||| | spa d
245 00 - MENCIÓN DEL TÍTULO
Título Comentarios al decreto Optatam totius sobre la formación sacerdotal /
Mención de responsabilidad, etc. autores, M. Andrés... [et al.] ; edición dirigida por José Delicado Baeza ; prólogo de Ángel Suquía.
260 ## - PUBLICACIÓN, DISTRIBUCIÓN, ETC.
Lugar de publicación, distribución, etc. Madrid :
Nombre del editor, distribuidor, etc. [La Editorial Católica],
Fecha de publicación, distribución, etc. 1970.
300 ## - DESCRIPCIÓN FÍSICA
Extensión XII, 620 p. ;
Dimensiones 20 cm.
490 1# - MENCIÓN DE SERIE
Mención de serie Biblioteca de autores cristianos ;
Designación de volumen o secuencia 309
546 ## - NOTA DE IDIOMA
Nota de lengua/lenguaje Texto del decreto en latín y traducción en español.
594 ## - Nota al título y mención de responsabilidad
Nota al título y mención de responsabilidad Precede al tít. : Concilio Vaticano II.
650 04 - PUNTO DE ACCESO ADICIONAL DE MATERIA--TÉRMINO DE MATERIA
Término de materia o nombre geográfico como elemento de entrada Sacerdotes-
Subdivisión general Educación.
9 (RLIN) 16960
700 1# - ENTRADA AGREGADA--NOMBRE PERSONAL
Nombre de persona Suquía Goicoechea, Ángel.
9 (RLIN) 108809
700 0# - ENTRADA AGREGADA--NOMBRE PERSONAL
Nombre de persona Delicado Baeza, José.
9 (RLIN) 43513
700 0# - ENTRADA AGREGADA--NOMBRE PERSONAL
Nombre de persona Andrés, Melquiades.
9 (RLIN) 21581
711 2# - ENTRADA AGREGADA--NOMBRE DE REUNIÓN
Nombre de congreso/reunión o jurisdicción como elemento de entrada Concilio Vaticano (
Número del congreso/reunión o número de parte o sección 2º.
Fecha del congreso o de la firma del tratado 1962-1965)
9 (RLIN) 122
830 00 - PUNTO DE ACCESO ADICIONAL DE SERIE-TÍTULO UNIFORME
Título uniforme Biblioteca de autores cristianos
Designación de volumen o secuencia 309
9 (RLIN) 178679
852 ## - LOCALIZACIÓN
Ubicación ES-MaACL
Número de control de estantería J-302
itemnumber R.46092
Holdings
Estatus retirado Estado de pérdida Estado de daño No para préstamo Biblioteca de origen Biblioteca actual Ubicación en estantería Fecha de adquisición Fuente de adquisición Total de préstamos Signatura topográfica completa Código de barras Visto por última vez Precio de reemplazo Tipo de ítem Koha
        Biblioteca del Ateneo de Madrid Biblioteca del Ateneo de Madrid Depósito 2 12/05/2009     J-302 1179826 23/02/2023 23/02/2023 Libro impreso